banner-ar

الاحصاء الحيوى ومقدمة فى تصميم التجارب / (Record no. 54088)

MARC details
000 -الفاتح
حقل البيانات ثابتة الطول 00676nam a2200217Ia 4500
008 - عناصر البيانات ثابتة الطول - معلومات عامة
حقل البيانات ثابتة الطول 140319s9999 xx 000 0 ara d
040 ## - مصدر الفهرسة
وكالة الفهرسة الأصلية GCL /
وكالة النسخ GCL
082 04 - رقم تصنيف ديوى العشرى
رقم التصنيف 519.5
رقم المادة ص.ا
100 1# - المدخل الرئيسى - إسم شخصى
الإسم الشخصى صلاح جلال
245 10 - بيان العنوان
العنوان الاحصاء الحيوى ومقدمة فى تصميم التجارب /
بيان المسئوليه,etc صلاح جلال
700 1# - المدخل الاضافى - اسم شخصى
الإسم الشخصى عصام الطويل
700 1# - المدخل الاضافى - اسم شخصى
الإسم الشخصى عبدالحليم عشماوى
260 ## - PUBLICATION, DISTRIBUTION, ETC. (IMPRINT)
تاريخ النشر أو التوزيع 1989
300 ## - الوصف المادى
التعداد 377 ص
490 ## - بيان السلسلة
عنوان السلسلة
650 04 - المدخل الاضافى بالموضوع-مصطلح موضوعى
مصطلح موضوعي علم الاحصاء
650 04 - المدخل الاضافى بالموضوع-مصطلح موضوعى
مصطلح موضوعي الاحصاء - علم
650 04 - المدخل الاضافى بالموضوع-مصطلح موضوعى
مصطلح موضوعي تجارب
942 ## - عناصر المدخل الإضافي( كوها)
مصدر التصنيف او مخطط الترفيف Dewey Decimal Classification
Koha [default] item type كتاب
260 ## - PUBLICATION, DISTRIBUTION, ETC. (IMPRINT)
-- [S.N] :
-- مركز التنمية البشرية والمعلومات ،
Holdings
حالة التراجع حالة الفقد حالة تلف ليس للاعارة المكان المؤقت الموقع الحالى تاريخ الاكتساب اجمالي اﻻعارات رقم الطلب الباركود تاريخ اخر مشاهدة تاريخ تفعيل السعر نوع وعاء كوها
        مكتبة القاهرة الكبرى مكتبة القاهرة الكبرى 03/26/2014   519.5\ص.ا 130176 03/26/2014 03/26/2014 كتاب
        مكتبة القاهرة الكبرى مكتبة القاهرة الكبرى 03/26/2014   519.5\ص.ا 130177 03/26/2014 03/26/2014 كتاب
        مكتبة القاهرة الكبرى مكتبة القاهرة الكبرى 03/26/2014   519.5\ص.ا 130178 03/26/2014 03/26/2014 كتاب

Powered By

EGPV